000 00979nam a2200229 a 4500
001 14373
003 CO-ViMGA
008 141112s2004 ck r 000 u spa d
020 _a11352817
040 _aCO-ViMGA
_bspa
_cCO-ViMGA
110 _aWANCEULEN
_921042
245 1 0 _aFUTBOL CARTILLA - 6o.
260 _aSevilla.España.Editorial deportiva S,
_cL.1996
300 _a64.p.il.
490 _aCuadernos tecnicos
500 _aFecha : DIC - 1996
505 _aFuera de juego : Propuesta metodológica de trabajo a nivel de ataque Fuera de juego : Propuesta metodológica de trabajo a nivel defensivo. Análisis táctico - defensivo del fuera de juego directo e indirecto Desarrollo del trabajo practico para equipos cadetes III El deporte escolar La estructura energética y condicional del fútbol II Anemia del deportista : Detección, actuaciones y adaptaciones
650 1 4 _aENTRENAMIENTO
_921043
650 1 4 _aFUTBOL
650 1 4 _aTECNICAS
_921044
942 _2ddc
_cBK
999 _c25050
_d25050